Normal view MARC view

Entry Personal Name

Number of records used in: 1

001 - CONTROL NUMBER

  • control field: 1154856

003 - CONTROL NUMBER IDENTIFIER

  • control field: OSt

005 - DATE AND TIME OF LATEST TRANSACTION

  • control field: 20260324115503.0

008 - FIXED-LENGTH DATA ELEMENTS

  • fixed length control field: 260324|| aca||aabn | a|a d

040 ## - CATALOGING SOURCE

  • Original cataloging agency: OSt
  • Transcribing agency: OSt

100 ## - HEADING--PERSONAL NAME

  • Personal name: Stephen E. Harding; Berit Smestad Paulsen; Hilde Barsett; Kari Tvete Inngjerdingen; Gary G. Adams; Michael P. Tombs

670 ## - SOURCE DATA FOUND

  • Source citation: Work cat.: (OSt)1745774: Stephen E. Harding; Berit Smestad Paulsen; Hilde Barsett; Kari Tvete Inngjerdingen; Gary G. Adams; Michael P. Tombs, An Introduction to Polysaccharide Biotechnology
Copyright @ Delhi University Library System